Joueur ayant remporté un Ballon d’Or - Statistiques

Statistiques générales
  • Ce quiz a été pris 660 fois
    282 depuis la dernière actualisation
  • Le résultat moyen est 7 sur 11
Statistiques - réponses
Hint Réponse % Correct
5 Ballon d’Or (Portugal) Cristiano Ronaldo
100%
7 Ballon d’Or (Argentine) Lionel Messi
99%
2 Ballon d’Or (Brésil) Ronaldo
99%
3 Ballon d’Or (France) Michel Platini
83%
3 Ballon d’Or (Pays-Bas) Johan Cruyff
78%
1 Ballon d'Or (France) Karim Benzema
75%
3 Ballon d’Or (Pays-Bas) Marco van Basten
64%
2 Ballon d’Or (Allemagne) Franz Beckenbauer
48%
2 Ballon d’Or (Argentine-Espagne) Alfredo Di Stéfano
46%
2 Ballon d’Or (Allemagne) Karl-Heinz Rummenigge
17%
2 Ballon d’Or (Angleterre) Kevin Keegan
13%
Aucun quiz correspondant
Distribution des résultats
% des personnes avec chaque résultat
Percentile par nombre de réponses
Votre historique - résultats
Vous n’avez pas pris ce quiz depuis la dernière actualisation